Loading...

Encyclopedia of human geography

Bibliographic Details
Main Author: Pitzl,Gerald R.
Format: Printed Book
Published: Jaipur, New Delhi Rawat 2007
Subjects:
LEADER 00471cam a2200157ua 4500
020 |a 81-316-0146-3 
082 |a 304.2  |b PIT/E 
100 0 |a Pitzl,Gerald R. 
245 1 0 |a Encyclopedia of human geography  
260 |a Jaipur, New Delhi  |b Rawat  |c 2007 
300 |a 294p. 
500 |a Includes index. 
650 0 |a Geography- Human 
942 |c BK 
999 |c 17490  |d 17490 
952 |0 0  |1 0  |4 0  |6 304_200000000000000_PITH  |7 0  |9 18233  |a KUCL  |b KUCL  |d 2014-05-23  |l 0  |o 304.2 PIT/H  |p 18896  |r 2014-05-23  |y BK